Super Mario Quiz - Nintendo Switch - Statistiken

Allgemein
  • Dieses Quiz wurde 105 mal gespielt
  • Das Durchschnittsergebnis liegt bei 6 aus 12
Antwortstatistiken
Frage Antwort % Korrekt
Wie heißt der "Herrscher" des Blumenkönigreichs in Super Mario Bros Wonder? Prinz Florian
86%
Welche Tiere muss man in Bowsers Fury zu ihrer Mutter zurückbringen? Katzen
72%
Wie heißt der Drache im Ruinenland in Super Mario Odyssey? Herr der Blitze
68%
Wer war in Paper Mario The Origami King KEIN Teil der "Bürobedarfsbrigade", deren Mitglieder als Bosse fungierten? Lineal
64%
Wo gab es in Mario Tennis Aces einen Tennisplatz? Auf einem Schiff
62%
Mit welcher Art Waffe kämpfte Bowser in Mario+Rabbids Sparks of Hope? Bazooka
56%
Welche Fähigkeit hat Mario in Mario+Rabbids Kingdom Battle NICHT? Magnettanz
42%
Welches Element in SMM2 kam erst per Update hinzu? On-off Blöcke im 3DWorld-Stil
42%
In welchem SMO-Land konnte man in Mario Golf Super Rush Golf spielen? Cityland
38%
Was bekommt man in Paper Mario Die Legende vom Äonentor als Belohnung für die 100%? Einen Orden, der Mario vergoldet
38%
In Super Mario Party gab es so viele spielbare Charaktere wie noch nie. Wer war dennoch NICHT dabei? Kamek
34%
Auf welchem Brett in Mario Party Superstars gibt es einen exklusiven Itemladen, der Raubtruhen verkauft? Woodys Wald
22%
Keine übereinstimmenden Quizze gefunden
Verteilung der Resultate
Anzahl Personen mit jedem Resultat
Perzentil nach korrekt beantworteten Fragen
Ihre Resultats-Entwicklung
Sie haben dieses Quiz noch nicht gespielt